| 000 | 00385nam a22001457a 4500 | ||
|---|---|---|---|
| 003 | MACL | ||
| 005 | 20170831172732.0 | ||
| 008 | 170831b xxu||||| |||| 00| 0 eng d | ||
| 040 | _cMACL | ||
| 100 |
_aKumar, Bishun _968949 |
||
| 245 | _aMajor Voices in New Literatures in English | ||
| 260 |
_aNew Delhi _bAtlantic Publishers _c2015 |
||
| 650 |
_aLiterature _968950 |
||
| 942 |
_2ddc _cBK |
||
| 999 |
_c56964 _d56964 |
||